000 00269nam a2200121Ia 4500
100 _aSinclair/ Ian.
942 _cBK
654 _aCollage Computing - 2
245 _aCollage Computing - 2
260 _bCassell Computing
_aBritain
300 _a132
546 _aENGLISH
999 _c35267
_d35267